| 000 | 006050000a22002050004500 | ||
|---|---|---|---|
| 003 | LK-CoMWRAF | ||
| 005 | 20231013150756.0 | ||
| 008 | 230817t1967 ||||| |||| 00| 0 eng d | ||
| 020 | _a0449911950 | ||
| 040 |
_aLK-CoMWRAF _dLK-CoMWRAF _eLK-CoMWRAF |
||
| 041 | _aeng | ||
| 082 |
_a248.4 _bPEA |
||
| 100 | _aPeale, Norman Vincent | ||
| 245 | _aEnthusiasm Makes the Difference | ||
| 260 |
_aNew York: _bFawcett Books, _c1967 |
||
| 300 |
_a x, 252 p. ; 22 cm. _bIndex included |
||
| 650 | _aENTHUSIASM-Religious aspects--Christianity. | ||
| 650 | _a Success--Religious aspects--Christianity | ||
| 942 | _cBK | ||
| 999 |
_c745 _d745 |
||